Particle size and multi-elemental analyses of bulk dust samples from a paint manufacturing plant /
محفوظ في:
| المؤلف الرئيسي: | |
|---|---|
| التنسيق: | أطروحة كتاب |
| اللغة: | English |
| منشور في: |
1998.
|
| الموضوعات: | |
| الوصول للمادة أونلاين: | http://studentsrepo.um.edu.my/id/eprint/2512 |
| الوسوم: |
إضافة وسم
لا توجد وسوم, كن أول من يضع وسما على هذه التسجيلة!
|
| LEADER | 01369cam a2200325 a 4500 | ||
|---|---|---|---|
| 001 | u428536 | ||
| 003 | SIRSI | ||
| 008 | 960311s1998 my t 00 1 eng m | ||
| 035 | |a ACF-6902 | ||
| 040 | |a UMM | ||
| 043 | |a a-my--- | ||
| 090 | |a TD888 |b P3Hua | ||
| 091 | |a Microfiche 14889 | ||
| 100 | 1 | 0 | |a Huang, Siew Lai. |
| 245 | 1 | 0 | |a Particle size and multi-elemental analyses of bulk dust samples from a paint manufacturing plant / |c Huang Siew Lai. |
| 260 | |c 1998. | ||
| 300 | |a viii, 111 leaves : |b ill., (some col.) ; |c 30 cm. | ||
| 500 | |a Microfiche. Kuala Lumpur : University of Malaya Library, 2000. 2 fiches : negative ; 11 x 15 cm. | ||
| 502 | |a Dissertation (M.Tech.(Env. Mgmt.)) -- Institut Pengajian Siswazah & Penyelidikan, Universiti Malaya, 1998. | ||
| 504 | |a Bibliography : leaves 94-101. | ||
| 650 | 0 | |a Paint industry and trade |x Environmental aspects |z Malaysia. | |
| 650 | 0 | |a Particle size determination. | |
| 650 | 0 | |a Dust |x Measurement. | |
| 650 | 0 | |a Dust |x Analysis. | |
| 710 | 2 | 0 | |a Universiti Malaya. |b Institut Pengajian Siswazah dan Penyelidikan. |
| 856 | 4 | 1 | |u http://studentsrepo.um.edu.my/id/eprint/2512 |
| 948 | |a 02/09/1998 |b 25/09/2003 | ||
| 596 | |a 1 | ||
| 999 | |a TD888 P3HUA |w LC |c 1 |i A505613572 |l B_KOM4 |m P01UTAMA |r Y |s Y |t TESIS |u 9/9/1998 |o .PUBLIC. BKOM 4 :43426 | ||
| 999 | |a TD888 P3HUA |w LC |c 2 |i A507732074 |l STACKS |m P01UTAMA |r Y |s Y |t TESIS |u 16/9/1998 | ||
